Water, Sanitary, and Waste Services for Buildings / (Record no. 15198)
[ view plain ]
| 000 -LEADER | |
|---|---|
| fixed length control field | 01243cam a22003254a 4500 |
| 001 - CONTROL NUMBER | |
| control field | 12871044 |
| 005 - DATE AND TIME OF LATEST TRANSACTION | |
| control field | 20171224145735.0 |
| 008 - FIXED-LENGTH DATA ELEMENTS--GENERAL INFORMATION | |
| fixed length control field | 020726s2002 enka |rb 001 0 eng |
| 010 ## - LIBRARY OF CONGRESS CONTROL NUMBER | |
| LC control number | 2002027746 |
| 020 ## - INTERNATIONAL STANDARD BOOK NUMBER | |
| International Standard Book Number | 0750652551 |
| 020 ## - INTERNATIONAL STANDARD BOOK NUMBER | |
| International Standard Book Number | 9780750652551 |
| 040 ## - CATALOGING SOURCE | |
| Original cataloging agency | DLC |
| Transcribing agency | DLC |
| Modifying agency | DLC |
| 042 ## - AUTHENTICATION CODE | |
| Authentication code | pcc |
| 050 00 - LIBRARY OF CONGRESS CALL NUMBER | |
| Classification number | TH6122 |
| Item number | .W54 2002 |
| 082 00 - DEWEY DECIMAL CLASSIFICATION NUMBER | |
| Classification number | 696.1 |
| Edition number | 22 |
| Item number | WIS |
| 100 1# - MAIN ENTRY--PERSONAL NAME | |
| Personal name | Wise, Alan Frederick Edward. |
| 9 (RLIN) | 23408 |
| 245 10 - TITLE STATEMENT | |
| Title | Water, Sanitary, and Waste Services for Buildings / |
| Statement of responsibility, etc | A.F.E. Wise and J.A. Swaffield. |
| 250 ## - EDITION STATEMENT | |
| Edition statement | 5th ed. |
| 260 ## - PUBLICATION, DISTRIBUTION, ETC. (IMPRINT) | |
| Place of publication, distribution, etc | Oxford ; |
| -- | Boston : |
| Name of publisher, distributor, etc | Butterworth-Heinemann, 2002 |
| Date of publication, distribution, etc | 2002. |
| 300 ## - PHYSICAL DESCRIPTION | |
| Extent | vii, 257 p. : |
| Other physical details | ill. ; |
| Dimensions | 24 cm. |
| 504 ## - BIBLIOGRAPHY, ETC. NOTE | |
| Bibliography, etc | Includes bibliographical references (p. [247]-254) and index. |
| 650 #0 - SUBJECT ADDED ENTRY--TOPICAL TERM | |
| Topical term or geographic name as entry element | Sanitation, Household. |
| 9 (RLIN) | 23410 |
| 653 ## - INDEX TERM--UNCONTROLLED | |
| Resource For college | |
| -- | |
| Arrived date list | April2011 |
| 650 #0 - SUBJECT ADDED ENTRY--TOPICAL TERM | |
| 9 (RLIN) | 23409 |
| Topical term or geographic name as entry element | Plumbing |
| 700 1# - ADDED ENTRY--PERSONAL NAME | |
| Personal name | Swaffield, J. A., |
| Dates associated with a name | 1943- |
| 9 (RLIN) | 23411 |
| 856 42 - ELECTRONIC LOCATION AND ACCESS | |
| Materials specified | Publisher description |
| Uniform Resource Identifier | <a href="http://www.loc.gov/catdir/description/els031/2002027746.html">http://www.loc.gov/catdir/description/els031/2002027746.html</a> |
| 856 41 - ELECTRONIC LOCATION AND ACCESS | |
| Materials specified | Table of contents |
| Uniform Resource Identifier | <a href="http://www.loc.gov/catdir/toc/els031/2002027746.html">http://www.loc.gov/catdir/toc/els031/2002027746.html</a> |
| 942 ## - ADDED ENTRY ELEMENTS (KOHA) | |
| Source of classification or shelving scheme | Dewey Decimal Classification |
| Item type | Book - Borrowing |
| Withdrawn status | Item status | Source of classification or shelving scheme | Damaged status | Not for loan | Vendor | Home library | Current library | Shelving location | Date acquired | Source of acquisition | Cost, normal purchase price | Serial Enumeration / chronology | Total Checkouts | Total Renewals | Full call number | Barcode | Date last seen | Date last borrowed | Koha item type |
|---|---|---|---|---|---|---|---|---|---|---|---|---|---|---|---|---|---|---|---|
| Dewey Decimal Classification | Baccah | Central Library | Central Library | First floor | 27/04/2011 | 637.00 | 72 | 2 | 2 | 696.1 WIS | 000023420 | 15/07/2025 | 16/05/2015 | Book - Borrowing |